Fruticultura. técnica y economía de los cultivos de rosaceas leñosas productoras de fruta /

Guardado en:
Autor Principal: Coutanceau, M
Formato: Libro
Publicado: Barcelona : Oikes-tau, 1971
Edición:2a. ed.
Series:Nueva Encicl. de Agricultura ; 4
Materias:
Etiquetas: Agregar Etiqueta
Sin Etiquetas, Sea el primero en etiquetar este registro!
LEADER 00666nam a22002175a 4500
001 CEM.cems015791
008 130507s1971##################000#0#####d
005 20210811193747.0
003 CEMS
245 1 0 |a Fruticultura. técnica y economía de los cultivos de rosaceas leñosas productoras de fruta /  |c M Coutanceau, 
250 |a 2a. ed. 
260 |a Barcelona :  |b Oikes-tau,  |c 1971 
300 |a 608 p. 
490 1 |a Nueva Encicl. de Agricultura ;  |v 4 
100 1 |a Coutanceau, M 
082 0 4 |a 634 
653 |a Agricultura 
653 |a Fruticultura 
653 |a Poda-frutales 
653 |a Riego-frutales 
859 |a CEMS  |b BIB. CEMS - Agricultura  |h 634  |i C837a2  |p A7195.79  |t Ej.1